Statistics for Most Guessed Countries Across Quiz Formats

Click here to take the quiz!

General Stats

  • This quiz has been taken 41 times
  • The average score is 23 of 28

Answer Stats

countrycountry% Correct
900-60-15United Kingdom
100%
900-60-15United States
100%
900Argentina
97%
900-60-15Brazil
97%
900-60Italy
97%
900-60-15Japan
97%
900-60-15Spain
97%
900-60-15Australia
95%
900-60-15Canada
95%
900-60-15France
95%
900-60-15Russia
95%
900-60-15China
92%
900-60Germany
92%
900-60-15India
92%
900-60-15Mexico
92%
900Portugal
89%
900-60-15Ireland
86%
900Egypt
84%
900South Africa
84%
60-15Sweden
84%
60Chile
76%
60-15Finland
73%
60Norway
73%
900-60-15Iceland
70%
15Dem Rep Congo
43%
15United Arab Emirates
41%
15Congo
35%
15Central African Republic
8%

Score Distribution

Percentile by Number Answered

Percent of People with Each Score

Your Score History

You have not taken this quiz